000 00958nam a2200241 a 4500
001 49063
003 BD-RjUL
005 20211209054629.0
008 160817s1980 bg a|||| |||| 00| 0 ben d
020 _c: Tk. 39.00
035 _a(BD-RjUL)49182
040 _aBD-RjUL
_bben
_cBD-RjUL
041 _aben
082 _223
_a583
_bSHS 1980
100 _aশর্মা, দ্বিজেন
_9147612
245 1 0 _aসপুষ্পক উদ্ভিদের শ্রেনীবিন্যাসতত্ত্ব /
_cদ্বিজেন শর্মা
260 _aঢাকা :
_bবাংলা একাডেমী,
_c১৯৮০
300 _a[১২], ৪৬৩ পৃ. :
_bচিত্র ;
_c২৩ সেমি.
500 _aপরিশিষ্ট সংযুক্ত
650 _aএনজিওস্পার্ম
_xশ্রেণীবিভাগ
_9147613
650 _aAngiosperms
_xClassification
_9147614
942 _2ddc
_cBK
999 _c49063
_d49063